Memòria 1991 - 1994 / Àmbit d'Urbanisme i Medi Ambient ; direcció i producció de l'edició: Rosa Mayench Rosa Mayench
Descripción Física:
180 p. : il. ; 30 x 30 cm
Otros Autores:
Mayench, Rosa, dir
MARC
| LEADER | 00000nam a2200000Ia 4500 | ||
|---|---|---|---|
| 001 | 10888 | ||
| 003 | BGR | ||
| 005 | 20260324175321.0 | ||
| 008 | 160829s9999 xx 000 0 cat d | ||
| 080 | |a FOL-1-139 | ||
| 110 | 1 | |a Barcelona (Catalunya). |b Ajuntament |9 50981 | |
| 245 | |a Memòria 1991 - 1994 / Àmbit d'Urbanisme i Medi Ambient ; direcció i producció de l'edició: |b Rosa Mayench | ||
| 260 | |a Barcelona : |b Ajuntament de Barcelona, DL 1995 | ||
| 300 | |a 180 p. : |b il. ; |c 30 x 30 cm | ||
| 610 | 1 | 0 | |a Barcelona (Catalunya). |b Ajuntament |x Memòries |9 50981 |
| 700 | |a Mayench, Rosa, dir. |9 26632 | ||
| 901 | |a Arxiu | ||
| 942 | |n 1 |2 udc | ||
| 952 | |0 0 |1 0 |4 0 |6 FOL1139 |7 1 |9 44087 |a Arxiu |b Arxiu |d 2016-12-01 |l 0 |o FOL-1-139 |p 10888 |r 2016-12-01 00:00:00 |w 2016-12-01 |y ARXIU | ||
| 999 | |c 46667 |d 46667 | ||